000 00769nam a22002417a 4500
003 dpl
005 20180528153616.0
008 180528b xxu||||| |||| 00| 0 eng d
010 _aA-945812
020 _c260.00
_a8176460125
035 _aA-945812, B-0945824
037 _bCen Lib/Ret
040 _aDPL
_bEN
_c0
082 _a920
_bGOS
100 _aGoswami, Prashanta
_927958
245 _aThe presidents of India :
_cby Prashanta Goswami
_bduring 50 years /
260 _aDelhi
_bB. R. Publishing House
_c1998
270 _aA-6, Nimri Commercial Centre Near Bharat Nagar
_bDelhi
_e110052
300 _avi,127p.
_c21cm(Hb)
650 _aPresidents -- India -- Biography
_927959
650 _aPresidents
_916189
942 _2ddc
_cEN
_h920
_mGOS
999 _c129977
_d129977